Sports Quiz

Random Sports or Soccer Quiz
Score 0/5 Timer 01:00
17 Plays Today
Country % Correct
Brazil
96%
Germany (Includes West Germany)
93.3%
France
89.7%
Italy
88.3%
Mexico
74.9%
Remove Ads.
Support Sporcle.
Get the best of Sporcle when you Go Orange. This ad-free experience offers more features, more stats, and more fun while also helping to support Sporcle. Thank you for becoming a member.

You're not logged in!

Compare scores with friends on all Sporcle quizzes.
OR
Log In

Show Comments

Extras

Top Quizzes Today


Score Distribution

Your Account Isn't Verified!

In order to create a playlist on Sporcle, you need to verify the email address you used during registration. Go to your Sporcle Settings to finish the process.

Report this User

Report this user for behavior that violates our Community Guidelines.

Details: